000 00519nam a2200217Ia 4500
003 OSt
005 20220924133754.0
006 a|||||r|||| 00| 0
007 ta
008 220923b |||||||| |||| 00| 0 snd d
024 _a268756
037 _cTextual
040 _aARTS
_cARTS
_bsnd
041 _2snd
_asnd
082 _aO1593,2, K7
100 _aJoshi Brabhud
_9207309
245 0 _aYad kunda
260 _c1968
942 _hO1593,2, K7
_cTEXL
_2CC
999 _c435139
_d435139